Loading...
Science - Physics | 1 | 3 | 1 | 1 | 40 | 39 | 105.50 | 1 | 2 |
Science - Chemistry | 0 | 3 | 0 | 0 | 30 | 56 | 88.33 | 2 | 3 |
Social Science | 0 | 3 | 0 | 1 | 30 | 108 | 117.00 | 1 | 2 |
Literature - World Literature | 0 | 2 | 0 | 0 | 20 | 116 | 123.50 | 0 | 1 |
Literature - American Literature | 0 | 2 | 0 | 0 | 20 | 139 | 145.00 | 0 | 2 |
Auditory Arts | 0 | 2 | 0 | 1 | 20 | 118 | 124.50 | 0 | 0 |
Philosophy | 0 | 2 | 0 | 2 | 20 | 122 | 124.50 | 0 | 2 |
Beliefs | 0 | 2 | 1 | 1 | 15 | 86 | 109.00 | 1 | 2 |
History - Ancient History | 0 | 1 | 0 | 0 | 10 | 138 | 138.00 | 0 | 0 |
Science - Other Science | 0 | 1 | 0 | 1 | 10 | 134 | 134.00 | 0 | 0 |
History - Other History | 0 | 0 | 0 | 0 | 0 | 0.00 | 0 | 0 | |
Current Events | 0 | 0 | 0 | 0 | 0 | 0.00 | 0 | 0 | |
Science - Biology | 0 | 0 | 4 | 0 | -20 | 0.00 | 0 | 0 |